| 000 | 00788nam a2200253 i 4500 | ||
|---|---|---|---|
| 003 | DO-SdBNP | ||
| 005 | 20240307073943.0 | ||
| 006 | a||||gr|||| 00| 0 | ||
| 007 | ta | ||
| 008 | 230921e2022 dr aodc| |||| 00| 0 spa d | ||
| 020 | _a97899454722404 | ||
| 040 |
_aDO-SdBNP _bspa _cBNPHU _erda |
||
| 082 | 1 |
_222 _bR419c |
|
| 245 |
_aRenovando la colmena: _bplan estratégico institucional 2018 -2022 |
||
| 264 |
_a[Santo Domingo] : _bINTEC, _c2022 |
||
| 300 |
_a48 páginas : _bIlustraciones; graficas, fotografía, retrato ; _c29 cm. |
||
| 336 |
_2rdacontent _atexto _btxt |
||
| 337 |
_2rdamedia _asin mediación _bn |
||
| 338 |
_2rdacarrier _avolumen _bnc |
||
| 500 | _a | ||
| 590 | _aInventariado 2023 / MF | ||
| 710 | 2 |
_aInstituto Tecnológico de Santo Domingo _978911 |
|
| 942 |
_2ddc _cLF2 |
||
| 999 |
_c54888 _d54888 |
||